000 00801cam a22002651 4500
001 16930
003 BD-RjUL
005 20211209000052.0
008 140215r19241904enk 001 0 eng
035 _a(BD-RjUL)16986
035 _a(OCoLC)4332837
040 _aDLC
_cTxDaM-P
_dOCoLC
_dDLC
_dBD-RjUL
_beng
041 _aeng
082 _a709.51
_bBUC
_223
100 1 _aBushell, Stephen W.
_q(Stephen Wootton),
_d1844-1908.
_952250
245 1 0 _aChinese art /
_c Stephen W. Bushell.
260 _aLondon :
_bPrinted for H. M. Stationery Off. by Wyman and Sons,
_c1904[ reprinted 1924]
300 _aV. :
_bill. ;
_c22 cm.
504 _aIncludes index.
505 _aVol. 1, 2
650 0 _aArt, Chinese.
_950549
650 0 _aDecorative arts
_zChina.
_952251
942 _2ddc
_cBK
999 _c16930
_d16930